000 01065nam a2200277Ia 4500
001 ebr10597164
003 CaPaEBR
006 m u
007 cr cn|||||||||
008 120918s2012 at a s 000 0 eng d
020 _z9781742233253
020 _z9781742246017 (ebook)
040 _aCaPaEBR
_cCaPaEBR
035 _a(OCoLC)781507543
050 1 4 _aDU398.A45
_bH64 2012eb
100 1 _aHogan, Eleanor.
245 1 0 _aAlice Springs
_h[electronic resource] /
_cEleanor Hogan.
260 _aSydney :
_bNew South,
_c2012.
300 _a325 p. :
_bill.
533 _aElectronic reproduction.
_bPalo Alto, Calif. :
_cebrary,
_d2011.
_nAvailable via World Wide Web.
_nAccess may be limited to ebrary affiliated libraries.
650 0 _aIndigenous peoples
_zAustralia
_zAlice Springs (N.T.)
651 0 _aAlice Springs (N.T.)
_xSocial life and customs.
655 7 _aElectronic books.
_2local
710 2 _aebrary, Inc.
856 4 0 _uhttp://site.ebrary.com/lib/rucke/Doc?id=10597164
_zAn electronic book accessible through the World Wide Web; click to view
999 _c108856
_d108856